Teoría de los contratos comerciales en general (Registro nro. 28579)

Detalles MARC
000 -LEADER
fixed length control field 00403 a2200109 4500
001 - CONTROL NUMBER
control field ART_23498
005 - DATE AND TIME OF LATEST TRANSACTION
control field 20260410161931.0
008 - FIXED-LENGTH DATA ELEMENTS--GENERAL INFORMATION
fixed length control field 260409a
100 1# - MAIN ENTRY--PERSONAL NAME
Personal name Fontanarrosa, Rodolfo O.
245 10 - TITLE STATEMENT
Title Teoría de los contratos comerciales en general
773 0# - HOST ITEM ENTRY
Title Revista de la Facultad de Ciencias Económicas de la Universidad de Cuyo
Related parts - Año XIX, Nº 55/56 (ene./ago. 1967)
Record control number REV22981

No hay ítems disponibles.